| 000 | 00895cab a2200205 4500 | ||
|---|---|---|---|
| 001 | ##L134140 | ||
| 008 | 060713n2006 000 0 eng u | ||
| 035 | _a(Sirsi) u134140 | ||
| 041 | 0 | _aeng | |
| 100 | 1 | _aSibert, Dave | |
| 245 | 0 | 0 | _aBuilt to last? |
| 260 | _c2006 | ||
| 490 | 0 |
_aFire Prevention and Fire Engineers Journal _v66(270) July 2006, 45-47(3) |
|
| 520 | _aReports on LPS 2020, a new certification standard for innovative building systems. It sets out a number of characteristics which a building must satisfy, and also lists events against which manufacturers must consider their designs before they can achieve LPS 2020 standard. These include methodologies for repairing damage caused by leaks, flood, explosion or fire. | ||
| 590 | _aIKA180706 | ||
| 650 | 2 | 4 | _aLPS 2020: 2006 |
| 651 | 4 |
_aUnited Kingdom _y |
|
| 690 | _aBUILT ENVIRONMENT-BUILDING STANDARDS | ||
| 942 | _n0 | ||
| 999 |
_c77387 _d77387 |
||